CS:GO / CS2 All MVP's - Statistics

General Stats
  • This quiz has been taken 69 times
  • The average score is 45 of 101
Answer Stats
MVP's Year of last MVP Player % Correct
21 22 s1mple
100%
10 25 donk
96%
28 25 ZywOo
96%
9 25 NiKo
94%
19 21 device
86%
6 25 m0NESY
82%
5 23 ropz
82%
10 17 kennyS
78%
2 24 jL
76%
8 17 coldzera
73%
2 19 dupreeh
73%
10 14 GeT_RiGhT
73%
4 23 rain
73%
1 24 b1t
71%
8 16 f0rest
69%
4 18 FalleN
69%
4 22 sh1ro
69%
7 17 Snax
69%
2 19 Magisk
67%
3 15 pashaBiceps
67%
1 21 frozen
65%
1 19 gla1ve
65%
2 16 NEO
65%
1 24 iM
63%
1 15 karrigan
63%
6 16 olofmeister
63%
1 20 electroNic
61%
2 19 Twistzz
61%
1 17 Xyp9x
61%
8 19 GuardiaN
59%
4 15 Happy
59%
1 16 ScreaM
59%
3 24 broky
57%
4 18 flusha
57%
2 23 huNter-
57%
3 15 JW
57%
1 25 KSCERATO
57%
2 25 XANTARES
57%
3 21 HObbit
55%
3 22 Jame
55%
4 20 EliGE
53%
4 15 NBK-
53%
2 25 molodoy
51%
1 17 fer
49%
4 15 shox
49%
1 18 tarik
47%
1 23 torzsi
47%
3 22 Ax1Le
45%
1 20 Brollan
45%
1 17 Kjaerbye
45%
5 18 KRIMZ
45%
5 19 NAF
45%
2 17 Stewie2K
45%
2 16 Xizt
45%
1 17 AdreN
43%
2 17 Dosia
43%
3 20 yuurih
41%
1 14 friberg
39%
2 24 kioShiMa
39%
1 16 autimatic
37%
1 24 910
35%
2 16 flamie
35%
1 23 jabbi
35%
1 18 sergej
35%
1 25 Techno
35%
1 19 woxic
35%
2 22 syrsoN
33%
1 25 HeavyGod
31%
1 23 SunPayus
31%
2 17 k0nfig
29%
1 15 mou
29%
2 18 oskar
29%
1 17 REZ
29%
1 16 RUSH
29%
1 22 blameF
27%
3 20 Brehze
27%
1 23 fame
27%
1 13 markeloff
27%
1 19 Aerial
24%
2 20 CeRq
22%
1 25 degster
22%
1 20 HEN1
22%
1 25 JamYoung
22%
1 16 boltz
18%
1 16 dennis
18%
1 14 swag
18%
2 20 Ethan
16%
1 25 latto
16%
1 14 seized
16%
1 16 felps
14%
1 15 Maikelele
14%
1 18 MSL
14%
1 23 sdy
14%
2 20 valde
14%
1 18 EspiranTo
10%
1 19 Bubzkji
6%
1 21 FaNg
6%
1 19 SHiPZ
6%
1 18 ISSAA
4%
1 14 AZK
2%
1 23 nawwk
2%
No matching quizzes found
Score Distribution
Percent of People with Each Score
Percentile by Number Answered
Your Score History
You have not taken this quiz